000 00279nam a22001217a 4500
008 180919b xxu||||| |||| 00| 0 eng d
041 _aeng
080 _a610
100 _a3
101 _aSHM
245 _aCare Training Of The Trotter Pacer
_cTyznik. W.J
942 _2udc
_cBK
999 _c47986
_d47986